• 首页
  • 本馆介绍
  • 公告通知
  • 最新文献
  • 馆藏检索
  • 电子资源
  • 读者导购
  • 参考咨询
  • 我的图书馆
  • 登录
  • 详细信息显示
  • 放入我的书架
  • 预约/预借图书
  • 作者相关作品
  • 分类相关作品
  • 丛书相关作品
  • 出版社相关作品

书目信息

  • 表格格式
  • 工作单格式
  • 卡片格式
题名:
地名的秘密
    
 
作者: 周薇 著
分册:  
出版信息: 北京   社会科学文献出版社·当代世界出版分社  2019
页数: 249页
开本: 24cm
丛书名:
单 册:
中图分类: H159
科图分类:
主题词: 汉语--han yu--地名--译名--研究
电子资源:
ISBN: 978-7-5201-5527-4
000 00961nam0 2200277 450
001 2159258203
005 20210926145335.0
010    @a978-7-5201-5527-4@dCNY98.00
100    @a20200408d2019 em y0chiy50 ea
101 0  @achi@aeng
102    @aCN@b110000
105    @ay z 000yy
106    @ar
200 1  @a地名的秘密@Adi ming de bi mi@e汉语地名外译研究@f周薇著
210    @a北京@c社会科学文献出版社·当代世界出版分社@d2019
215    @a249页@d24cm
300    @a北京第二外国语学院出版基金资助出版
312    @a英文題名取自封面
330    @a本书将带领读者踏上探寻地名秘密之旅,通过汉语地名的对外翻译,一窥地名背后所隐藏的中外文化差异。
510 1  @aBehind the name@eChinese place names in translation@zeng
517 1  @a汉语地名外译研究@Ahan yu di ming wai yi yan jiu
606 0  @a汉语@Ahan yu@x地名@x译名@x研究
690    @aH159@v5
701  0 @a周薇@Azhou wei@c(女)@4著
801  0 @aCN@b百万庄@c20210926
905    @b1299420-23@dH159@e548@f4
    
    地名的秘密:汉语地名外译研究/周薇著.-北京:社会科学文献出版社·当代世界出版分社,2019
    249页;24cm
    北京第二外国语学院出版基金资助出版
    
    ISBN 978-7-5201-5527-4:CNY98.00
    本书将带领读者踏上探寻地名秘密之旅,通过汉语地名的对外翻译,一窥地名背后所隐藏的中外文化差异。
●
相关链接 在E读中查询图书 在五车中查询图书 在当当中查询图书 在豆瓣中查询图书


正题名:地名的秘密     索取号:H159/548         预约/预借

序号 登录号 条形码 馆藏地/架位号 状态 备注
1 1299420   212994205   第二样本阅览室/ [索取号:H159/548] 在馆    
2 1299421   212994214   第四借阅区/ [索取号:H159/548] 在馆    
3 1299422   212994223   第四借阅区/ [索取号:H159/548] 在馆    
4 1299423   212994232   第四借阅区/ [索取号:H159/548] 在馆    
唐山师范学院图书馆 欢迎您!
大连网信软件有限公司© 版权所有